[Event "GER-ch Net blitz qual1"]
[Site "Playchess.com INT"]
[Date "2021.04.24"]
[Round "5"]
[White "Arndt, Olaf"]
[Black "Zettl, Thomas"]
[Result "0-1"]
[WhiteElo "1620"]
[BlackElo "1873"]
[PlyCount "96"]
[EventDate "2021.04.24"]
[EventType "swiss (blitz)"]
[EventRounds "11"]
[EventCountry "GER"]
[SourceTitle "CBM 202 Extra"]
[Source "ChessBase"]
[SourceDate "2021.07.31"]
[SourceVersion "1"]
[SourceVersionDate "2021.07.31"]
[SourceQuality "1"]

1. e4 g6 2. d4 Bg7 3. Nc3 d6 4. Bd3 Nc6 5. Nf3 e5 6. dxe5 Nxe5 7. Nxe5 Bxe5 8. Be3 Nf6 9. f4 Bxc3+ 10. bxc3 Qe7 11. 0-0 Bg4 12. Qd2 0-0-0 13. Bd4 c5 14. Bf2 Nxe4 15. Bxe4 Qxe4 16. Rfe1 Qc6 17. c4 h5 18. Rab1 h4 19. h3 Be6 20. Qc3 Rh5 21. Rbd1 d5 22. cxd5 Rdxd5 23. Rxd5 Bxd5 24. Qxc5 Qxc5 25. Bxc5 Bxa2 26. Bxa7 Be6 27. Bb6 Rb5 28. Bf2 g5 29. fxg5 Rxg5 30. Bxh4 Rc5 31. Re2 b5 32. Bf2 Rc3 33. g3 Bxh3 34. Kh2 Bg4 35. Rd2 Bf5 36. Bb6 Rxc2 37. Rxc2+ Bxc2 38. Kg2 Kb7 39. Bc5 Kc6 40. Bb4 Kd5 41. Kf2 Kc4 42. Bd2 b4 43. Ke3 b3 44. Bc1 Kc3 45. Kf4 b2 46. Bxb2+ Kxb2 47. g4 Bg6 48. Ke5 Kc3 0-1

[Event "GER Cup Net Final-B U2000"]
[Site "Playchess.com INT"]
[Date "2020.06.06"]
[Round "6"]
[White "Hofmann, Matthias1"]
[Black "Zettl, Thomas"]
[Result "0-1"]
[WhiteElo "1636"]
[BlackElo "1772"]
[PlyCount "90"]
[EventDate "2020.06.06"]
[EventType "swiss (blitz)"]
[EventRounds "13"]
[EventCountry "GER"]
[SourceTitle "CBM 197 Extra"]
[Source "ChessBase"]
[SourceDate "2020.09.30"]
[SourceVersion "1"]
[SourceVersionDate "2020.09.30"]
[SourceQuality "1"]

1. e4 g6 2. d4 Bg7 3. Nc3 d6 4. Nf3 Nc6 5. Be3 e5 6. Bb5 Bd7 7. Bxc6 Bxc6 8. dxe5 dxe5 9. Kf1 Ne7 10. Bg5 h6 11. Qxd8+ Rxd8 12. Bxe7 Kxe7 13. Ke2 f5 14. Nh4 Kf6 15. f3 Bf8 16. Rad1 Bb4 17. Ke3 Bxc3 18. bxc3 Bb5 19. g3 Bc4 20. a3 b5 21. Ng2 Ke7 22. Nh4 Kf6 23. Ng2 Bf7 24. Rhe1 Rd6 25. Rxd6+ cxd6 26. Rd1 Rd8 27. Ne1 d5 28. exd5 Rxd5 29. Rxd5 Bxd5 30. Nd3 g5 31. Nb4 Bb7 32. Kd3 a5 33. Na2 Bxf3 34. c4 e4+ 35. Kd4 bxc4 36. Nc3 f4 37. Nd5+ Kf5 38. Ne7+ Kg4 39. gxf4 gxf4 40. Nd5 Be2 41. h3+ Kf3 42. h4 e3 43. c3 Bd3 44. a4 e2 45. Nxf4 Kxf4 0-1

[Event "GER Cup Net Final-B U2000"]
[Site "Playchess.com INT"]
[Date "2020.06.06"]
[Round "4"]
[White "Meschke, Andreas"]
[Black "Zettl, Thomas"]
[Result "1-0"]
[WhiteElo "1867"]
[BlackElo "1772"]
[PlyCount "125"]
[EventDate "2020.06.06"]
[EventType "swiss (blitz)"]
[EventRounds "13"]
[EventCountry "GER"]
[SourceTitle "CBM 197 Extra"]
[Source "ChessBase"]
[SourceDate "2020.09.30"]
[SourceVersion "1"]
[SourceVersionDate "2020.09.30"]
[SourceQuality "1"]

1. e4 g6 2. d4 Bg7 3. Nf3 d6 4. Bc4 Nf6 5. Nbd2 0-0 6. Bb3 c5 7. c3 Nc6 8. h3 e6 9. 0-0 Qc7 10. Re1 b5 11. Nf1 c4 12. Bc2 Bb7 13. Bg5 h6 14. Bh4 Nh7 15. Qd2 g5 16. Bg3 e5 17. Rad1 Rad8 18. Ne3 Ne7 19. Ng4 Ng6 20. h4 h5 21. Ne3 g4 22. Ng5 Nxg5 23. hxg5 f6 24. Nf5 Bc8 25. gxf6 Bxf6 26. Qh6 Qh7 27. Qxh7+ Kxh7 28. dxe5 dxe5 29. Rxd8 Rxd8 30. Rd1 Rxd1+ 31. Bxd1 Nf4 32. Bxf4 exf4 33. Be2 Kg6 34. Nd4 a6 35. Nc6 Bb7 36. Nb4 Bxe4 37. Nxa6 Bd3 38. Bd1 Be7 39. Nc7 b4 40. cxb4 Bxb4 41. Nd5 Be1 42. Nxf4+ Kf5 43. Nxd3 cxd3 44. Kf1 d2 45. Ke2 g3 46. fxg3 Kg4 47. Kd3+ Kxg3 48. Bxh5 Kxg2 49. Bd1 Kf2 50. b4 Kg2 51. b5 Bf2 52. Kxd2 Bc5 53. Kd3 Kg3 54. Kc4 Bb6 55. a4 Kf4 56. Kb4 Ke5 57. a5 Be3 58. b6 Kd6 59. Kb5 Kd7 60. Bf3 Kc8 61. a6 Kb8 62. a7+ Kc8 63. a8Q+ 1-0

[Event "GER Cup Net Final-B U2000"]
[Site "Playchess.com INT"]
[Date "2020.06.06"]
[Round "1"]
[White "Zettl, Thomas"]
[Black "Lerch, Martin Erik"]
[Result "1-0"]
[WhiteElo "1772"]
[BlackElo "1931"]
[PlyCount "47"]
[EventDate "2020.06.06"]
[EventType "swiss (blitz)"]
[EventRounds "13"]
[EventCountry "GER"]
[SourceTitle "CBM 197 Extra"]
[Source "ChessBase"]
[SourceDate "2020.09.30"]
[SourceVersion "1"]
[SourceVersionDate "2020.09.30"]
[SourceQuality "1"]

1. c4 e6 2. e4 d5 3. cxd5 exd5 4. exd5 Nf6 5. Nc3 Bd6 6. Nf3 0-0 7. Be2 a6 8. 0-0 b5 9. a3 Bb7 10. Qb3 Nbd7 11. d4 Nb6 12. Bg5 Be7 13. d6 Bxd6 14. Rfe1 h6 15. Bh4 Be7 16. Rad1 Qd6 17. Bg3 Qd8 18. Ne5 Nfd5 19. Bf3 Bf6 20. Ng4 Be7 21. Qc2 Rc8 22. Ne4 Nf6 23. Nexf6+ Bxf6 24. Bxb7 1-0

[Event "GER Cup Net V3 U2000"]
[Site "Playchess.com INT"]
[Date "2020.05.27"]
[Round "6"]
[White "Zettl, Thomas"]
[Black "Schoen, Florian"]
[Result "0-1"]
[WhiteElo "1776"]
[BlackElo "1647"]
[PlyCount "104"]
[EventDate "2020.05.27"]
[EventType "swiss (blitz)"]
[EventRounds "9"]
[EventCountry "GER"]
[SourceTitle "EXT 2021"]
[Source "ChessBase"]
[SourceDate "2020.10.23"]
[SourceVersion "1"]
[SourceVersionDate "2020.10.23"]
[SourceQuality "1"]

1. c4 c5 2. Nc3 Nc6 3. e4 e5 4. g3 g6 5. Bg2 Bg7 6. Nge2 f5 7. d3 Nge7 8. 0-0 d6 9. f4 0-0 10. Nd5 Nxd5 11. exd5 Nd4 12. Nxd4 exd4 13. Rb1 a6 14. a3 b5 15. b4 Rb8 16. bxc5 dxc5 17. Bd2 Bd7 18. Qc2 bxc4 19. dxc4 Re8 20. Rxb8 Qxb8 21. Re1 Rxe1+ 22. Bxe1 Qe8 23. Kf1 Ba4 24. Qe2 Qxe2+ 25. Kxe2 Bb3 26. Kd3 Kf8 27. Ba5 Ke7 28. Bc7 Kd7 29. Be5 Bf8 30. h3 Bd6 31. Bf3 Ba2 32. Bd1 Bb1+ 33. Kd2 Be4 34. Ba4+ Kc7 35. Be8 Bg2 36. h4 Bf1 37. Bf7 Bxc4 38. Bg8 h6 39. Bf7 g5 40. h5 gxf4 41. gxf4 Ba2 42. Be6 Bb1 43. Kc1 Be4 44. Kd2 c4 45. Ke2 c3 46. a4 d3+ 47. Kd1 Bf3+ 48. Kc1 d2+ 49. Kc2 d1Q+ 50. Kxc3 Qc1+ 51. Kd3 Be4+ 52. Kd4 Qc5# 0-1

[Event "GER-ch Net blitz qual2"]
[Site "Playchess.com INT"]
[Date "2020.03.16"]
[Round "3"]
[White "Zettl, Thomas"]
[Black "Hansch, Karsten"]
[Result "0-1"]
[WhiteElo "1974"]
[BlackElo "2300"]
[PlyCount "74"]
[EventDate "2020.03.16"]
[EventType "swiss (blitz)"]
[EventRounds "9"]
[EventCountry "GER"]
[SourceTitle "CBM 195 Extra"]
[Source "ChessBase"]
[SourceDate "2020.05.31"]
[SourceVersion "1"]
[SourceVersionDate "2020.05.31"]
[SourceQuality "1"]

1. c4 Nf6 2. Nc3 g6 3. e4 d6 4. g3 Bg7 5. Bg2 0-0 6. d3 c6 7. Nge2 e5 8. 0-0 Be6 9. h3 d5 10. b3 d4 11. Nb1 b5 12. f4 bxc4 13. bxc4 Qc8 14. g4 exf4 15. Bxf4 Nfd7 16. Nd2 Ne5 17. Nf3 Nxf3+ 18. Rxf3 Nd7 19. Bd6 Re8 20. Rf2 Ne5 21. Rb1 c5 22. Nf4 Qc6 23. Nxe6 Qxd6 24. Nf4 Bh6 25. Nd5 Be3 26. Kf1 Bxf2 27. Kxf2 Rab8 28. h4 Rxb1 29. Qxb1 Rb8 30. Qd1 Rb2+ 31. Kf1 Qa6 32. h5 Qxa2 33. Nf6+ Kg7 34. h6+ Kxf6 35. g5+ Ke7 36. Bh3 Rf2+ 37. Kg1 Nf3+ 0-1

[Event "GER-ch Net blitz qual2"]
[Site "Playchess.com INT"]
[Date "2020.03.16"]
[Round "4"]
[White "Zettl, Thomas"]
[Black "Zinke, Thomas"]
[Result "1/2-1/2"]
[WhiteElo "1974"]
[BlackElo "1595"]
[PlyCount "128"]
[EventDate "2020.03.16"]
[EventType "swiss (blitz)"]
[EventRounds "9"]
[EventCountry "GER"]
[SourceTitle "CBM 195 Extra"]
[Source "ChessBase"]
[SourceDate "2020.05.31"]
[SourceVersion "1"]
[SourceVersionDate "2020.05.31"]
[SourceQuality "1"]

1. c4 g6 2. Nc3 Bg7 3. e4 d6 4. g3 Nf6 5. Bg2 c6 6. Nge2 0-0 7. 0-0 e5 8. d3 Ne8 9. h3 f5 10. f4 fxe4 11. dxe4 exf4 12. Nxf4 Nf6 13. Be3 Nbd7 14. Qxd6 Nb6 15. Qxd8 Rxd8 16. Bxb6 axb6 17. Rad1 Re8 18. a3 Be6 19. Nxe6 Rxe6 20. Rfe1 Rae8 21. g4 R8e7 22. Rd8+ Kf7 23. Bf3 Nd7 24. g5 Ne5 25. Bg4 Nxg4 26. hxg4 Bxc3 27. bxc3 Rxe4 28. Rxe4 Rxe4 29. Rd7+ Re7 30. Rxe7+ Kxe7 31. Kf2 Kd6 32. Ke3 Kc5 33. Kd3 b5 34. cxb5 Kxb5 35. Kd4 Ka4 36. Ke5 Kxa3 37. Kf6 b5 38. Kg7 c5 39. Kxh7 b4 40. Kxg6 b3 41. Kf7 b2 42. g6 b1Q 43. g7 Qb8 44. g8Q Qb3+ 45. Kf8 Qxc3 46. g5 Qe3 47. g6 Qf4+ 48. Qf7 Qb8+ 49. Qe8 Qf4+ 50. Qf7 Qb8+ 51. Kg7 Qe5+ 52. Qf6 Qc7+ 53. Kg8 Qc8+ 54. Qf8 Qe6+ 55. Kg7 Qe5+ 56. Kh7 Qh2+ 57. Kg8 Qa2+ 58. Kh8 Qb2+ 59. Kg8 Qa2+ 60. Kh7 Qh2+ 61. Kg7 Qe5+ 62. Qf6 Qc7+ 63. Kh6 Qh2+ 64. Kg7 Qc7+ 1/2-1/2

[Event "GER-ch Net blitz qual1"]
[Site "Playchess.com INT"]
[Date "2020.03.07"]
[Round "9"]
[White "Paehtz, Wolfgang"]
[Black "Zettl, Thomas"]
[Result "1/2-1/2"]
[WhiteElo "1948"]
[BlackElo "1974"]
[PlyCount "120"]
[EventDate "2020.03.07"]
[EventType "swiss (blitz)"]
[EventRounds "9"]
[EventCountry "GER"]
[SourceTitle "CBM 195 Extra"]
[Source "ChessBase"]
[SourceDate "2020.05.31"]
[SourceVersion "1"]
[SourceVersionDate "2020.05.31"]
[SourceQuality "1"]

1. c4 e5 2. Nc3 Nc6 3. Nf3 f5 4. d4 e4 5. Ng5 Be7 6. Nh3 Nf6 7. e3 0-0 8. Nf4 d6 9. h4 a6 10. Rb1 Qe8 11. b4 Nd8 12. d5 Bd7 13. a4 Nf7 14. Bb2 Ne5 15. Nce2 Nfg4 16. Nd4 Bf6 17. Nde6 Bxe6 18. Nxe6 Rf7 19. Qd2 Qxa4 20. Be2 Qe8 21. f3 Nh6 22. Ng5 Re7 23. Ne6 b5 24. c5 Rxe6 25. dxe6 Qxe6 26. cxd6 cxd6 27. Rd1 Rd8 28. Kf1 Nhf7 29. Qd5 Qe7 30. f4 Ng4 31. Bxg4 fxg4 32. Bxf6 Qxf6 33. h5 Rc8 34. Kf2 Qb2+ 35. Kg3 Qxb4 36. Rd4 Qc5 37. Ra1 Qxd5 38. Rxd5 Ra8 39. Rxb5 Kf8 40. Rba5 Ke7 41. Rxa6 Rxa6 42. Rxa6 Nh6 43. Ra3 Ke6 44. Kf2 Nf5 45. Ra7 g3+ 46. Ke2 Kd5 47. Ra5+ Ke6 48. Ra6 g6 49. Ra7 gxh5 50. Rxh7 h4 51. Rh8 d5 52. Rg8 d4 53. exd4 Nxd4+ 54. Ke3 Nf5+ 55. Ke2 e3 56. Re8+ Kf7 57. Re5 Kf6 58. Re8 Kf7 59. Rh8 Kf6 60. Re8 Kf7 1/2-1/2